[Event "Fowlerville (Jun)"]
[Site "?"]
[Date "1994.??.??"]
[Round "?"]
[White "Palmerton, W."]
[Black "Foord, Allan"]
[Result "1-0"]
[WhiteElo "1605"]
[BlackElo "1615"]
[PlyCount "92"]
[EventDate "1994.??.??"]

1. e4 c5 2. d4 cxd4 3. c3 dxc3 4. Nxc3 Nc6 5. Nf3 a6 6. Bc4 e6 7. a3 Be7 8. O-O
Qc7 9. g3 Nf6 10. Bf4 d6 11. Re1 e5 12. Ng5 exf4 13. Bxf7+ Kd8 14. Be6 Rf8 15.
e5 Ne8 16. Nf7+ Rxf7 17. Bxf7 Bh3 18. Qh5 Bd7 19. Nd5 Qc8 20. e6 Nf6 21. exd7
Qxd7 22. Nxf6 Bxf6 23. Re8+ Qxe8 24. Bxe8 Kc7 25. Bxc6 bxc6 26. Qf7+ Kb6 27.
gxf4 Ra7 28. Qb3+ Kc7 29. Re1 Rb7 30. Qf7+ Kb6 31. Qb3+ Kc7 32. Qa4 Rxb2 33.
Qxa6 Rb6 34. Qa5 Kb7 35. Re8 Ra6 36. Qb4+ Rb6 37. Qxd6 Ka7 38. Qc7+ Ka6 39.
Ra8+ Kb5 40. Qa7 Bd4 41. Qa4+ Kc5 42. Ra5+ Rb5 43. Qb4+ Kd5 44. Rxb5+ cxb5 45.
Qxb5+ Ke4 46. a4 Kxf4 1-0

[Event "Detroit (MCO/C/1a/4)"]
[Site "?"]
[Date "1994.??.??"]
[Round "?"]
[White "Palmeri, S."]
[Black "Lauer, R."]
[Result "1/2-1/2"]
[WhiteElo "1605"]
[BlackElo "1605"]
[PlyCount "100"]
[EventDate "1994.??.??"]

1. c4 e6 2. Nc3 g6 3. d4 Bg7 4. Nf3 d6 5. e3 Ne7 6. b4 O-O 7. Bd3 b6 8. Bd2 Nd7
9. e4 c5 10. bxc5 dxc5 11. Be3 Nc6 12. Be2 Bb7 13. Rc1 Qc7 14. Nb5 Qb8 15. d5
exd5 16. exd5 Nb4 17. a3 Na2 18. Rc2 a6 19. Nbd4 cxd4 20. Bxd4 Qd6 21. Rxa2
Rfe8 22. O-O b5 23. Bxg7 Kxg7 24. cxb5 axb5 25. Bxb5 Red8 26. a4 Nb6 27. Qd4+
Kg8 28. a5 Bxd5 29. Raa1 Nc8 30. Rfd1 Bxf3 31. Qxd6 Rxd6 32. gxf3 Rxa5 33. Rxa5
Rxd1+ 34. Bf1 Nd6 35. Ra8+ Kg7 36. Rd8 Kf6 37. Kg2 Ke7 38. Rb8 Nf5 39. Rb7+ Kf6
40. Rb6+ Kg7 41. Ba6 Rd6 42. Rxd6 Nxd6 43. Bd3 f5 44. f4 Kf6 45. f3 h6 46. h4
g5 47. Kg3 Nf7 48. hxg5+ hxg5 49. fxg5+ Nxg5 50. Bxf5 Kxf5 1/2-1/2

[Event "Detroit (MCO/C/3a/8)"]
[Site "?"]
[Date "1994.??.??"]
[Round "?"]
[White "Palmeri, S."]
[Black "Keeley, G."]
[Result "1/2-1/2"]
[WhiteElo "1605"]
[BlackElo "1605"]
[PlyCount "82"]
[EventDate "1994.??.??"]

1. e4 e5 2. Nf3 Nc6 3. Bc4 Bc5 4. O-O d6 5. h3 Nf6 6. d3 d5 7. exd5 Nxd5 8. Re1
f6 9. Bd2 Nce7 10. Nc3 Be6 11. Ne4 Bb6 12. Bb4 Qd7 13. Qd2 O-O-O 14. a4 Nc6 15.
Nc5 Bxc5 16. Bxc5 Bxh3 17. gxh3 Qxh3 18. Bxd5 Rxd5 19. Qe3 e4 20. dxe4 Rh5 21.
Nh2 Qxh2+ 22. Kf1 Qe5 23. Ba3 Nd4 24. f4 Rh1+ 25. Kg2 Rxe1 26. Rxe1 Qa5 27. b4
Qxa4 28. Qxd4 Rd8 29. Qc3 Qd7 30. Bc1 g6 31. Qxf6 Qg4+ 32. Kf2 Qh5 33. Qg5 Qh3
34. Be3 Qe6 35. Kf3 Qc4 36. Qc5 Qa2 37. Bd4 Kb8 38. Ra1 Qe6 39. Qxa7+ Kc8 40.
Rh1 h5 41. c3 Qg4+ 1/2-1/2

[Event "Detroit (MOR/1a/36)"]
[Site "?"]
[Date "1994.??.??"]
[Round "?"]
[White "Palmeri, S."]
[Black "Fuson, G."]
[Result "1-0"]
[WhiteElo "1605"]
[BlackElo "1605"]
[PlyCount "53"]
[EventDate "1994.??.??"]

1. Nf3 d5 2. d4 Bg4 3. Bf4 Bxf3 4. exf3 Nc6 5. Bb5 a6 6. Ba4 e6 7. O-O b5 8.
Bb3 Nf6 9. Re1 g6 10. Nc3 Bg7 11. Bg5 a5 12. Bxd5 Nb4 13. Bxa8 Qxa8 14. Bxf6
Bxf6 15. Ne4 Be7 16. c3 Nd5 17. Qe2 c6 18. Nc5 Bxc5 19. dxc5 O-O 20. Qe5 f6 21.
Qxe6+ Kg7 22. Rad1 Nf4 23. Rd7+ Kh6 24. Qe7 Nd5 25. Qxh7+ Kg5 26. h4+ Kf5 27.
g4+ 1-0

[Event "Detroit (MCO/C/7/8)"]
[Site "?"]
[Date "1994.??.??"]
[Round "?"]
[White "Palmeri, S."]
[Black "Cowan, W."]
[Result "1/2-1/2"]
[WhiteElo "1605"]
[BlackElo "1605"]
[PlyCount "71"]
[EventDate "1994.??.??"]

{7/(8)} 1. d4 Nf6 2. c4 e6 3. a3 c6 4. Bf4 d5 5. c5 Nbd7 6. Nf3 b6 7. b4 Nh5 8.
Bd2 bxc5 9. bxc5 Ba6 10. e3 Bxf1 11. Kxf1 g6 12. Nc3 Bg7 13. g4 Nhf6 14. g5 Nh5
15. Rb1 O-O 16. e4 Re8 17. e5 Qc8 18. Kg2 Qa6 19. Qa4 Qxa4 20. Nxa4 Reb8 21.
Nc3 Bf8 22. Ne2 Be7 23. h4 Rxb1 24. Rxb1 Rb8 25. Rxb8+ Nxb8 26. Ba5 Na6 27. Ne1
Kf8 28. f4 Ng7 29. Ng3 Ke8 30. Kf3 Bd8 31. Bxd8 Kxd8 32. Nc2 Kc7 33. Ke3 Kb7
34. Kd3 Nc7 35. a4 a5 36. Kc3 1/2-1/2

[Event "Detroit (MCO/C/5/11)"]
[Site "?"]
[Date "1994.??.??"]
[Round "?"]
[White "Palmeri, S."]
[Black "Cooper, Willie"]
[Result "1/2-1/2"]
[WhiteElo "1605"]
[BlackElo "1605"]
[PlyCount "100"]
[EventDate "1994.??.??"]

{5/(11)} 1. c4 e5 2. Nc3 Nf6 3. d3 Bc5 4. Bg5 Bxf2+ 5. Kxf2 Ng4+ 6. Ke1 Qxg5 7.
Nf3 Qd8 8. Qd2 d6 9. h3 Nf6 10. g4 h6 11. Bg2 c6 12. Rc1 Na6 13. Rf1 O-O 14. g5
hxg5 15. Nxg5 Nh7 16. h4 Nc7 17. Kd1 Nxg5 18. hxg5 Ne6 19. Rg1 Qxg5 20. e3 f5
21. Kc2 Qd8 22. Bf3 Ng5 23. Qg2 e4 24. dxe4 fxe4 25. Bxe4 d5 26. cxd5 Rf5 27.
Bxf5 Bxf5+ 28. e4 cxd5 29. exf5 d4 30. Rcd1 Rc8 31. Qxg5 Qxg5 32. Rxg5 dxc3 33.
bxc3 Kf7 34. Rd7+ Kf6 35. Rgxg7 b5 36. Rxa7 b4 37. Rgc7 Re8 38. cxb4 Kxf5 39.
Rc4 Re2+ 40. Kb3 Re3+ 41. Ka4 Re2 42. Ra5+ Ke6 43. a3 Rd2 44. Rc6+ Kd7 45. Rh6
Kc7 46. Ra7+ Kb8 47. Rg7 Rd8 48. Ka5 Ka8 49. Rb6 Rd5+ 50. Ka6 Ra5+ 1/2-1/2

[Event "Detroit (MOR/3/41)"]
[Site "?"]
[Date "1994.??.??"]
[Round "?"]
[White "Palmeri, S."]
[Black "Charette, K."]
[Result "1-0"]
[WhiteElo "1605"]
[BlackElo "1605"]
[PlyCount "70"]
[EventDate "1994.??.??"]

{3/(41)} 1. Nf3 d5 2. d4 Nf6 3. Bf4 e6 4. e3 Be7 5. Nbd2 O-O 6. c4 c6 7. Bd3
Nbd7 8. O-O c5 9. Re1 cxd4 10. exd4 b6 11. Rc1 Bb7 12. Ne5 dxc4 13. Nxd7 Qxd7
14. Rxc4 Qd5 15. Nf3 b5 16. Rc7 Rab8 17. Rxe7 Qd8 18. Bxb8 Qxe7 19. Be5 Ng4 20.
Be4 Nxe5 21. Bxb7 Nc4 22. Bd5 Nxb2 23. Qb3 Na4 24. Bc6 a6 25. d5 Qc7 26. Qb4
Nb6 27. Qe4 Nxd5 28. Bxd5 exd5 29. Qxd5 Qa5 30. Rd1 h6 31. Ne5 Qa4 32. g3 Qc2
33. Nc6 Kh7 34. Qd3+ Qxd3 35. Rxd3 Rc8 {[White played the illegal 36.Ne4. 1-0,
62?]} 1-0

[Event "Detroit (MOR/5/22)"]
[Site "?"]
[Date "1994.??.??"]
[Round "?"]
[White "Palmeri, S."]
[Black "Blake, J."]
[Result "1-0"]
[WhiteElo "1605"]
[BlackElo "1720"]
[PlyCount "105"]
[EventDate "1994.??.??"]

{5/(22)} 1. Nf3 d5 2. d4 f5 3. Bf4 e6 4. e3 Nf6 5. Be2 Bd6 6. O-O Bxf4 7. exf4
O-O 8. Nc3 c6 9. Re1 Nbd7 10. Ng5 Qe7 11. Bf1 Ne4 12. Nh3 Rf6 13. f3 Nd6 14.
Re3 Rh6 15. Qe1 Nf8 16. Na4 b6 17. b3 Bd7 18. Nb2 Nf7 19. a3 g5 20. Nd3 Re8 21.
fxg5 Nxg5 22. Nxg5 Qxg5 23. f4 Qf6 24. Ne5 Re7 25. Rd1 Qh4 26. Qxh4 Rxh4 27. g3
Rh6 28. Rc3 Be8 29. b4 Ng6 30. Nxc6 Rc7 31. b5 Bxc6 32. Rxc6 Rxc6 33. bxc6 Ne7
34. c7 Rf6 35. Ba6 Rf8 36. Rd3 Kf7 37. Rc3 Nc8 38. Rc6 Ke7 39. Bb5 Nd6 40. Ba6
Nc8 41. c4 dxc4 42. Bxc4 Nd6 43. Ba6 Kd7 44. Rxd6+ Kxd6 45. c8=Q Rxc8 46. Bxc8
a5 47. Kf2 b5 48. Ke2 b4 49. axb4 a4 50. Kd2 a3 51. Kc2 Kd5 52. b5 Kc4 53. b6
1-0

[Event "Detroit (MOR/7/19)"]
[Site "?"]
[Date "1994.??.??"]
[Round "?"]
[White "Palmeri, S."]
[Black "Alliston, Richard"]
[Result "1-0"]
[WhiteElo "1605"]
[BlackElo "1610"]
[PlyCount "120"]
[EventDate "1994.??.??"]

{7/(19)} 1. c4 e5 2. Nc3 Nf6 3. g3 Be7 4. Bg2 c6 5. d3 d6 6. Nf3 h6 7. O-O O-O
8. a3 Be6 9. Qc2 Nbd7 10. b3 a6 11. d4 e4 12. Nxe4 d5 13. Nxf6+ Bxf6 14. c5 Qe7
15. b4 a5 16. Bf4 axb4 17. Bd6 Qe8 18. Bxf8 Qxf8 19. axb4 g6 20. Ra2 Bf5 21.
Qb2 Rb8 22. Ne5 Nxe5 23. dxe5 Bg7 24. f4 f6 25. h3 fxe5 26. fxe5 Qe8 27. g4
Bxe5 28. Qd2 Be6 29. Qxh6 d4 30. Ra7 Bc4 31. Qd2 Ba6 32. Be4 Rd8 33. Bd3 Bb8
34. Ra8 Bh2+ 35. Kxh2 Rxa8 36. Bxa6 bxa6 37. Qxd4 Qxe2+ 38. Rf2 Qe6 39. Qf6 Re8
40. Qxe6+ Rxe6 41. Kg3 Re4 42. Rf6 Kg7 43. Rxc6 Rxb4 44. Rb6 Rc4 45. c6 g5 46.
Rxa6 Rc3+ 47. Kg2 Kf7 48. Ra7+ Ke6 49. c7 Rc2+ 50. Kf1 Kd7 51. Ra5 Rc3 52. Rxg5
Rxh3 53. Rc5 Kc8 54. Kg2 Rh7 55. Kg3 Rxc7 56. Rxc7+ Kxc7 57. Kf4 Kd7 58. Kg5
Ke7 59. Kg6 Kf8 60. Kh7 Kf7 1-0

[Event "Detroit (WCO/1/8)"]
[Site "?"]
[Date "1994.??.??"]
[Round "?"]
[White "Paldan, G."]
[Black "Zuniga, Jesus"]
[Result "1-0"]
[WhiteElo "1810"]
[BlackElo "1605"]
[PlyCount "37"]
[EventDate "1994.??.??"]

{1/(8)} 1. e4 e6 2. d4 d5 3. Nc3 c5 4. exd5 exd5 5. Nf3 Nc6 6. dxc5 d4 7. Ne4
Bxc5 8. a3 Qe7 9. Qe2 Be6 10. Bg5 f6 11. Nxc5 Qxc5 12. Qxe6+ Nge7 13. Bd2 Qxc2
14. Bc4 Qxb2 15. O-O Nd8 16. Qe2 Rc8 17. Rab1 Qxa3 18. Bb4 Qxf3 19. Qxe7# 1-0

[Event "Eastpointe (EDO/2/18)"]
[Site "?"]
[Date "1994.??.??"]
[Round "?"]
[White "Paldan, G."]
[Black "Roome, E."]
[Result "0-1"]
[WhiteElo "1800"]
[BlackElo "1605"]
[PlyCount "56"]
[EventDate "1994.??.??"]

{2/(18)} 1. e4 e6 2. d4 d5 3. Nc3 Nf6 4. Bg5 Be7 5. e5 Nfd7 6. Bxe7 Qxe7 7. f4
c5 8. Nf3 Nc6 9. Qd2 a6 10. Be2 b5 11. O-O O-O 12. Kh1 f5 13. a4 b4 14. Na2 c4
15. a5 Rb8 16. Qe3 Nxa5 17. Nc1 Nc6 18. b3 Nb6 19. Rd1 a5 20. g4 g6 21. c3 cxb3
22. Nxb3 a4 23. Nc5 b3 24. Nxa4 Nxa4 25. Rxa4 Bd7 26. Nd2 Nxe5 27. Ra7 Nc6 28.
Ra3 Qxa3 0-1

[Event "Detroit (WCO/5/8)"]
[Site "?"]
[Date "1994.??.??"]
[Round "?"]
[White "Paldan, G."]
[Black "Moore, De"]
[Result "1-0"]
[WhiteElo "1810"]
[BlackElo "1605"]
[PlyCount "91"]
[EventDate "1994.??.??"]

{5/(8)} 1. e4 e5 2. f4 Nc6 3. Nf3 d6 4. Bb5 Bg4 5. O-O a6 6. Bxc6+ bxc6 7. d3
h6 8. fxe5 dxe5 9. Be3 Nf6 10. Nbd2 Bd6 11. Qe1 c5 12. Qg3 Qe7 13. h3 Bd7 14.
Nh4 Rg8 15. Nf5 Bxf5 16. Rxf5 g6 17. Rf3 g5 18. Qf2 Nh7 19. Nb3 Rb8 20. Rb1 h5
21. Rf5 Qe6 22. g3 Qg6 23. Bxc5 Rb5 24. Bxd6 cxd6 25. a4 Rb7 26. Rd1 Nf8 27.
Rf6 Qh7 28. Rxd6 Ne6 29. Kh2 h4 30. g4 Nf4 31. d4 Rg6 32. dxe5 Rxd6 33. exd6
Kd8 34. Qe3 f6 35. Rd2 Rb4 36. Rd4 Qb7 37. Qc3 Rb6 38. Na5 Qd7 39. Qc4 Rxd6 40.
Rxd6 Qxd6 41. Nb7+ Kd7 42. Nxd6 Kxd6 43. Qd4+ Ke6 44. c4 Ne2 45. Qd5+ Ke7 46.
c5 1-0

[Event "Detroit (WCO/3/3)"]
[Site "?"]
[Date "1994.??.??"]
[Round "?"]
[White "Paldan, G."]
[Black "Drkulec, Vladimir"]
[Result "0-1"]
[WhiteElo "1810"]
[BlackElo "2225"]
[PlyCount "60"]
[EventDate "1994.??.??"]

{3/(3)} 1. e4 e5 2. f4 exf4 3. Nf3 Be7 4. Nc3 Bh4+ 5. Ke2 Bf6 6. d4 g5 7. h3 d6
8. Nd5 Bg7 9. g3 Nc6 10. gxf4 g4 11. hxg4 Bxg4 12. Be3 Nge7 13. Nc3 d5 14. e5
Nf5 15. Kf2 Nce7 16. Be2 Qd7 17. Ng5 Nxe3 18. Kxe3 Nf5+ 19. Kf2 Bxe2 20. Nxe2
h6 21. Nf3 O-O-O 22. Qd3 f6 23. Rh5 Ne7 24. Rg1 Rdg8 25. Rxg7 Rxg7 26. exf6
Rgg8 27. fxe7 Qxe7 28. Ne5 Qe8 29. Qh3+ Kd8 30. Rxh6 c6 {[Remainder illegible;
0-1, 60?]} 0-1

[Event "Detroit (Class C/5/17)"]
[Site "?"]
[Date "1994.??.??"]
[Round "?"]
[White "Osebold, J."]
[Black "Venia, Mike"]
[Result "0-1"]
[WhiteElo "1605"]
[BlackElo "1605"]
[PlyCount "60"]
[EventDate "1994.??.??"]

{5/(17)} 1. e4 c5 2. Nf3 Nc6 3. Bc4 Nf6 4. Nc3 e6 5. d3 d5 6. exd5 exd5 7. Bb5
Qc7 8. Bg5 Be6 9. Bxf6 gxf6 10. O-O O-O-O 11. d4 Bd6 12. h3 Rdg8 13. dxc5 Bxh3
14. g3 Bxg3 15. Kh1 Qf4 16. Nxd5 Qh6 17. Bxc6 Bg4+ 18. Kg1 Bxf3 19. Ne7+ Kb8
20. fxg3 Bxd1 21. Nxg8 Qe3+ 22. Kg2 Rxg8 23. Bf3 Bxf3+ 24. Rxf3 Qe4 25. Kf2
Qxc2+ 26. Ke3 Qxc5+ 27. Ke2 Qc2+ 28. Ke3 Re8+ 29. Kd4 Qe4+ 30. Kc5 Re5+ 0-1

[Event "Detroit (Class C/3/19)"]
[Site "?"]
[Date "1994.??.??"]
[Round "?"]
[White "Osebold, J."]
[Black "Haygood, Norman"]
[Result "0-1"]
[WhiteElo "1605"]
[BlackElo "1605"]
[PlyCount "60"]
[EventDate "1994.??.??"]

{3/(19)} 1. e4 e5 2. Nc3 Bc5 3. Bc4 Nf6 4. d3 Nc6 5. Bg5 h6 6. Bh4 g5 7. Bg3 d6
8. Qf3 Bg4 9. Qxf6 Qxf6 10. Nd5 Qd8 11. f3 Be6 12. Ne2 a6 13. O-O-O Nd4 14.
Nxd4 Bxd4 15. h4 c6 16. Nb4 a5 17. hxg5 Qxg5+ 18. Kb1 Qxg3 19. Nxc6 bxc6 20.
Rd2 Rb8 21. b3 a4 22. a3 d5 23. Ba6 Rb6 24. exd5 cxd5 25. b4 Rxa6 26. Ka2 Qf4
27. Re2 Bc3 28. Rb1 d4+ 29. Rb3 Qc1 30. Rxe5 Qb2# 0-1

[Event "Detroit (MOR/2/27)"]
[Site "?"]
[Date "1994.??.??"]
[Round "?"]
[White "Oprean, G."]
[Black "Vega, D."]
[Result "0-1"]
[WhiteElo "1605"]
[BlackElo "1650"]
[PlyCount "75"]
[EventDate "1994.??.??"]

{2/(27)} 1. d4 Nf6 2. c4 g6 3. Nc3 Bg7 4. e4 d6 5. Bd3 Nc6 6. Nge2 O-O 7. f3
Nb4 8. a3 Na6 9. O-O c5 10. d5 e6 11. b3 Nc7 12. b4 cxb4 13. axb4 Na6 14. Rb1
Qb6+ 15. Kh1 exd5 16. exd5 Bd7 17. b5 Nc5 18. Be3 Rfe8 19. Na4 Qc7 20. Nxc5
Rxe3 21. Nxd7 Nxd7 22. Qd2 Rae8 23. f4 Nc5 24. Nc1 Nxd3 25. Nxd3 Qxc4 26. Ne5
Qe4 27. Rfe1 Rxe1+ 28. Rxe1 Qa4 29. Nf3 Rxe1+ 30. Nxe1 Qxb5 31. Qd3 Qxd3 32.
Nxd3 a5 33. Nc1 b5 34. Kg1 a4 35. Kf1 b4 36. Ke1 b3 37. Nxb3 axb3 38. Kd1 0-1

[Event "Detroit (MOR/6/44)"]
[Site "?"]
[Date "1994.??.??"]
[Round "?"]
[White "Oprean, G."]
[Black "Davis, Ralph"]
[Result "0-1"]
[WhiteElo "1605"]
[BlackElo "1605"]
[PlyCount "92"]
[EventDate "1994.??.??"]

{6/(44)} 1. e4 c5 2. Nf3 d6 3. d4 cxd4 4. Nxd4 Nf6 5. f3 e6 6. c4 Be7 7. Nc3 a6
8. Bd3 O-O 9. O-O e5 10. Nde2 Nc6 11. a3 a5 12. Be3 h6 13. Nd5 Nxd5 14. exd5
Nb8 15. Bc2 f5 16. f4 exf4 17. Nxf4 Bg5 18. g3 Re8 19. Qd3 g6 20. Ba4 Bd7 21.
Bxd7 Nxd7 22. Rae1 Ne5 23. Qd4 Kh7 24. Kg2 Bxf4 25. Bxf4 Rc8 26. Rc1 Rc7 27. a4
Ng4 28. Qd2 Rce7 29. Rce1 g5 30. Rxe7+ Qxe7 31. h3 Qe4+ 32. Kg1 Ne5 33. Bxe5
Rxe5 34. b3 b6 35. Kf2 f4 36. g4 Qe3+ 37. Qxe3 Rxe3 38. Re1 Rxe1 39. Kxe1 Kg6
40. Ke2 Kf6 41. Kf3 Ke5 42. Kf2 Ke4 43. Kf1 Kd4 44. Kf2 Kc5 45. Kf3 Kb4 46. h4
Kxb3 0-1

[Event "Detroit (MOR/3/49)"]
[Site "?"]
[Date "1994.??.??"]
[Round "?"]
[White "Oprean, G."]
[Black "Boyle, John"]
[Result "1-0"]
[WhiteElo "1605"]
[BlackElo "1605"]
[PlyCount "119"]
[EventDate "1994.??.??"]

{3/(49)} 1. c4 c5 2. Nc3 d6 3. g3 Nf6 4. Bg2 g6 5. e3 Bg7 6. Nge2 Nc6 7. O-O
Be6 8. b3 O-O 9. Rb1 Qd7 10. Re1 Nb4 11. d3 Bh3 12. Bh1 a6 13. a3 Nc6 14. Bb2
Rab8 15. Nf4 Rfc8 16. Nxh3 Qxh3 17. f3 Qd7 18. Nd5 b5 19. Nxf6+ exf6 20. cxb5
Rxb5 21. a4 Rb6 22. Bc3 Rcb8 23. f4 Re8 24. d4 cxd4 25. exd4 Rxe1+ 26. Qxe1 f5
27. d5 Bxc3 28. Qxc3 Qa7 29. Kf1 Nb4 30. Re1 Rb8 31. Qe3 Qc7 32. Rc1 Qd7 33. h4
h5 34. Qd4 a5 35. Bf3 Qb7 36. Ke1 Re8+ 37. Kf2 Na2 38. Rb1 Rc8 39. Be2 Rc2 40.
Kf1 Nc3 41. Bd3 Nxb1 42. Bxc2 Na3 43. Bd1 Qa6+ 44. Be2 Qb7 45. Qb2 Qb4 46. Bd3
Qc5 47. Be2 Qc2 48. Qxa3 Qb1+ 49. Kf2 Qc2 50. Qxd6 Qxb3 51. Qc6 Qb2 52. d6 Qd4+
53. Kg2 Qd2 54. Qe8+ Kg7 55. d7 Qd5+ 56. Bf3 Qd2+ 57. Kh3 g5 58. hxg5 h4 59.
d8=Q hxg3 60. Qg8# 1-0

[Event "Flint (MI Ch Spon/4)"]
[Site "?"]
[Date "1994.??.??"]
[Round "?"]
[White "O'Rourke, T."]
[Black "Durkee, David"]
[Result "0-1"]
[WhiteElo "1605"]
[BlackElo "1830"]
[PlyCount "50"]
[EventDate "1994.??.??"]

1. e4 c5 2. Nc3 d6 3. Nf3 Nc6 4. Bb5 Bd7 5. O-O g6 6. Qe2 Bg7 7. Ng5 Nf6 8. Qe3
O-O 9. Bc4 Ne5 10. Qh3 Bxh3 11. gxh3 Nxc4 12. d3 Ne5 13. Bf4 Nh5 14. Bd2 h6 15.
Nxf7 Rxf7 16. f3 Nxf3+ 17. Kf2 Nxd2+ 18. Ke2 Nxf1 19. Rxf1 Rxf1 20. Kxf1 e6 21.
a4 Bd4 22. Nb5 Qf6+ 23. Ke2 Qf2+ 24. Kd1 Be3 25. c4 Qd2# 0-1

[Event "Flint (MI Ch Spon/2)"]
[Site "?"]
[Date "1994.??.??"]
[Round "?"]
[White "O'Rourke, T."]
[Black "Bell, J."]
[Result "1/2-1/2"]
[WhiteElo "1605"]
[BlackElo "1605"]
[PlyCount "162"]
[EventDate "1994.??.??"]

1. e4 c5 2. Nc3 Nf6 3. Nf3 Nc6 4. Bb5 a6 5. Bxc6 dxc6 6. O-O e6 7. Re1 Be7 8.
Re3 O-O 9. Rd3 Qc7 10. Na4 Qa5 11. b3 g5 12. Qe2 g4 13. Ng5 Rd8 14. e5 Nd5 15.
Qxg4 f6 16. exf6 Nxf6 17. Qh3 c4 18. bxc4 Qxa4 19. Rf3 Rd6 20. Bb2 Rxd2 21.
Bxf6 Bxf6 22. Rxf6 Qxc2 23. Qxh7+ Qxh7 24. Nxh7 Kxh7 25. Rf7+ Kg6 26. Rf3 b5
27. cxb5 cxb5 28. h3 Rb8 29. Re1 b4 30. Re4 b3 31. axb3 Rd1+ 32. Kh2 Rxb3 33.
Rg4+ Kh5 34. Rff4 Rbb1 35. Rh4+ Kg6 36. Rhg4+ Kh6 37. Rf6+ Kh5 38. Rg8 Rh1+ 39.
Kg3 Rb3+ 40. Kf4 Rb4+ 41. Ke5 Rb5+ 42. Kd6 Rd1+ 43. Kc7 Rc5+ 44. Kb6 Rb5+ 45.
Kc6 Rc1+ 46. Kd6 Rd5+ 47. Ke7 Rd7+ 48. Kf8 Rd8+ 49. Kg7 Rd7+ 50. Rf7 Rcc7 51.
g4+ Kg5 52. Kh7+ Kh4 53. Rgg7 Rxf7 54. Rxf7 Rxf7+ 55. Kg8 Rf4 56. g5 Rxf2 57.
g6 Rg2 58. Kf7 a5 59. g7 a4 60. g8=Q Rxg8 61. Kxg8 a3 62. Kf7 a2 63. Kg6 a1=Q
64. Kh6 Qc1+ 65. Kg6 Qg1+ 66. Kh6 Qe3+ 67. Kg6 Qd4 68. Kh6 Qf6+ 69. Kh7 Qf7+
70. Kh6 Qf6+ 71. Kh7 Qf5+ 72. Kh6 Qg5+ 73. Kh7 Qh5+ 74. Kg7 e5 75. Kg8 e4 76.
Kf8 e3 77. Ke7 Qh7+ 78. Ke8 e2 79. Kf8 Qh8+ 80. Kf7 Qh7+ 81. Kf8 e1=Q 1/2-1/2

[Event "Detroit (MI Op/7/6)"]
[Site "?"]
[Date "1994.??.??"]
[Round "?"]
[White "O'Donnell, Robert"]
[Black "Smith, Walt"]
[Result "1-0"]
[WhiteElo "2235"]
[BlackElo "1950"]
[PlyCount "73"]
[EventDate "1994.??.??"]

{7/(6)} 1. d4 d5 2. c4 c6 3. Nf3 Nd7 4. Nc3 dxc4 5. e4 b5 6. a4 b4 7. Na2 c3 8.
bxc3 bxc3 9. Nxc3 e6 10. Bd2 Bb4 11. Bc4 Ngf6 12. e5 Nd5 13. Ne4 Bxd2+ 14. Qxd2
O-O 15. O-O N7b6 16. Bd3 Qe7 17. a5 Nd7 18. Rfc1 f5 19. Nd6 Rb8 20. Rxc6 Nb4
21. Rc3 Bb7 22. Be2 Bd5 23. Rc7 Qd8 24. Rcc1 h6 25. Bc4 Bxc4 26. Rxc4 Nd5 27.
Rac1 Qe7 28. Ne1 Rb3 29. Nd3 Rfb8 30. g3 Kh7 31. Nc5 Nxc5 32. dxc5 Qc7 33. c6
Ra3 34. Rc5 Rbb3 35. Nb5 Qxe5 36. Nxa3 Rb2 37. Nc4 1-0

[Event "Detroit (MI Op/1b/3)"]
[Site "?"]
[Date "1994.??.??"]
[Round "?"]
[White "O'Donnell, Robert"]
[Black "Lewis, Derrick"]
[Result "1-0"]
[WhiteElo "2235"]
[BlackElo "1895"]
[PlyCount "71"]
[EventDate "1994.??.??"]

1. d4 Nf6 2. c4 d6 3. Nf3 g6 4. Nc3 Bg7 5. e4 O-O 6. Be2 Nbd7 7. O-O e5 8. Bg5
h6 9. Bh4 c6 10. d5 c5 11. Ne1 g5 12. Bg3 Nh7 13. a3 Re8 14. b4 b6 15. Nc2 Ndf6
16. f3 Nh5 17. Ne3 Nf4 18. Rb1 Nf8 19. Qc2 N8g6 20. Be1 h5 21. Bd1 f6 22. g3
Nh3+ 23. Kg2 h4 24. Nf5 hxg3 25. Kxh3 Kf7 26. hxg3 Rh8+ 27. Kg2 Rh7 28. Rh1 Qh8
29. Rxh7 Qxh7 30. Nxd6+ Ke7 31. Nxc8+ Rxc8 32. Qf2 Rh8 33. Qg1 Qh3+ 34. Kf2
Qh2+ 35. Qxh2 Rxh2+ 36. Kg1 1-0

[Event "Detroit (MI Op/3/6)"]
[Site "?"]
[Date "1994.??.??"]
[Round "?"]
[White "O'Donnell, Robert"]
[Black "Hankinson, Chris"]
[Result "1-0"]
[WhiteElo "2235"]
[BlackElo "2145"]
[PlyCount "47"]
[EventDate "1994.??.??"]

{3/(6)} 1. d4 Nf6 2. c4 e6 3. Nf3 b6 4. Nc3 Bb7 5. a3 Be7 6. d5 d6 7. g3 e5 8.
Bg2 O-O 9. O-O Ne8 10. e4 Bc8 11. Ne1 f5 12. Nd3 fxe4 13. Nxe4 Nd7 14. f4 exf4
15. Nxf4 Ne5 16. b3 Bf6 17. Nxf6+ Nxf6 18. Bb2 Neg4 19. Qd2 Re8 20. Bd4 Ne4 21.
Qb2 Ngf6 22. Rae1 Bf5 23. Ne6 Bxe6 24. dxe6 1-0

[Event "Detroit (MI Op/5/7)"]
[Site "?"]
[Date "1994.??.??"]
[Round "?"]
[White "O'Donnell, Robert"]
[Black "Bailey, Greg"]
[Result "1-0"]
[WhiteElo "2235"]
[BlackElo "2095"]
[PlyCount "81"]
[EventDate "1994.??.??"]

{5/(7)} 1. d4 Nf6 2. c4 g6 3. Nc3 Bg7 4. e4 d6 5. Nf3 O-O 6. Be2 Nc6 7. d5 Nb4
8. O-O a5 9. Re1 Bd7 10. h3 Qc8 11. Bf1 Na6 12. Bg5 h6 13. Bh4 g5 14. Bg3 Nh5
15. Bh2 Nf4 16. Bxf4 gxf4 17. e5 Bf5 18. Qd2 Nc5 19. Rad1 dxe5 20. Nxe5 Ra6 21.
Qxf4 Rf6 22. Qe3 Nd7 23. Nxd7 Bxd7 24. Qxe7 Rg6 25. Kh1 Bf6 26. Qc5 b6 27. Qe3
Re8 28. Qd3 Rxe1 29. Rxe1 Bf5 30. Qd2 Bg5 31. Qe2 Bd7 32. Ne4 Bh4 33. Qh5 Be7
34. b3 Bb4 35. Re3 Bf5 36. Ng3 Bd7 37. Bd3 Rg7 38. Qxh6 Bd2 39. Nh5 Bc3 40.
Nxg7 Bxg7 41. Rg3 1-0

[Event "Gaylord (NMO/4/16)"]
[Site "?"]
[Date "1994.??.??"]
[Round "?"]
[White "O'Dell, Ray"]
[Black "Paul, Dennis"]
[Result "1-0"]
[WhiteElo "1605"]
[BlackElo "1605"]
[PlyCount "63"]
[EventDate "1994.??.??"]

{4/(16)} 1. e4 c6 2. d4 d5 3. e5 e6 4. Nf3 f6 5. Bd3 f5 6. b3 g6 7. c4 Bb4+ 8.
Bd2 a5 9. a3 Be7 10. O-O b5 11. cxb5 cxb5 12. Bxb5+ Bd7 13. Bxd7+ Nxd7 14. Nc3
g5 15. Qc1 h6 16. Nb5 g4 17. Nc7+ Kf7 18. Nxa8 Qxa8 19. Ne1 Bg5 20. f4 gxf3 21.
Nxf3 Bxd2 22. Nxd2 a4 23. Qc7 Qe8 24. bxa4 Ne7 25. a5 Qc8 26. Rfc1 Qxc7 27.
Rxc7 Nb8 28. Nb3 Rc8 29. Rac1 Rxc7 30. Rxc7 Nbc6 31. a6 Kg6 32. a7 1-0

[Event "Flint (MI Senior/3/9)"]
[Site "?"]
[Date "1994.??.??"]
[Round "?"]
[White "O'Dell, Ray"]
[Black "Meek, R."]
[Result "1-0"]
[WhiteElo "1605"]
[BlackElo "1605"]
[PlyCount "65"]
[EventDate "1994.??.??"]

{3/(9)} 1. f4 c5 2. b3 Nf6 3. Bb2 e6 4. e3 Be7 5. Bd3 d5 6. Nf3 Nc6 7. Bb5 Bd7
8. Bxc6 Bxc6 9. O-O O-O 10. d3 b6 11. Nbd2 Rc8 12. Ne5 Bb7 13. Qf3 Nd7 14. Qg3
Nxe5 15. Bxe5 Bf6 16. Nf3 Bxe5 17. Nxe5 f6 18. Ng4 Kh8 19. Rf3 d4 20. e4 Rg8
21. Qh3 Qe7 22. Qh4 Qf7 23. Rh3 g6 24. Qxf6+ Qxf6 25. Nxf6 Kg7 26. Nxg8 Rxg8
27. Rf1 Bc8 28. Rg3 Rf8 29. Rg5 Rf7 30. Rf3 Bd7 31. h4 Be8 32. h5 Rf6 33. f5
1-0

[Event "Gaylord (NMO/3/9)"]
[Site "?"]
[Date "1994.??.??"]
[Round "?"]
[White "O'Dell, Ray"]
[Black "Iyer, Krishnan"]
[Result "0-1"]
[WhiteElo "1605"]
[BlackElo "1605"]
[PlyCount "68"]
[EventDate "1994.??.??"]

{3/(9)} 1. e4 c5 2. d4 cxd4 3. Nf3 Nc6 4. c3 dxc3 5. Nxc3 e6 6. a3 a6 7. Be2
Qc7 8. O-O Bd6 9. g3 Nge7 10. Be3 O-O 11. Rc1 Qb8 12. Nd4 Bc7 13. b4 b5 14. f4
Bb6 15. Qd2 Qa7 16. Nd1 Nxd4 17. Bxd4 Bxd4+ 18. Nf2 Be3 19. Qc2 Bxc1 20. Rxc1
Bb7 21. Bd3 Rac8 22. Qb1 Rxc1+ 23. Qxc1 Rc8 24. Qb1 Qd4 25. Qd1 Rc3 26. Kf1
Rxa3 27. Kg2 g6 28. Qf3 Rxd3 29. Qxd3 Qxd3 30. Nxd3 Bxe4+ 31. Kf2 Bxd3 32. Ke3
Bc4 33. Kd4 d6 34. Ke4 Nc6 0-1